000 00447pab a2200157 454500
008 180718b2006 xxu||||| |||| 00| 0 eng d
100 _aFortin, Nicole M.
245 _aHigher education policies and the college wage premium: cross-state evidence from the 1990s
260 _c2006
300 _ap.959-87.
362 _aSep
650 _aEducational policy
650 _aHigher education
773 _aAmerican Economic Review
909 _a72033
999 _c72033
_d72033